000 00437cam a2200169ua 4500
020 _c2.00
041 _amal
_h
082 _a894.8124
_bNAR/VI
100 _aNarayanan potti, E.K .
245 _aVinoda sancharam /
_cE.K.Narayanan potti.
_hTextual Documents
260 _aKottayam :
_bSahitya Pravarthaka Co-operative Society ,
_c1972.
300 _a88 ; .
365 _a2.00
504 _a
942 _cBK
999 _c917
_d917